000 00398nam a2200109Ia 4500
008 171211s9999 xx 000 0 und d
245 _aEmbedded SoPC Design with Nios II Processor and Verilog Examples
245 _cPong P. Chu
260 _c2012
650 _xIT eBOOKS
856 _uhttp://down.ebook777.com/020/Embedded%20SoPC%20Design%20with%20Nios%20II%20Processor%20and%20Verilog%20Examples.pdf
999 _c349840
_d349840